Natural resource conservation: management for a sustainable future

Uloženo v:
Podrobná bibliografie
Hlavní autoři: Chiras, Daniel D (Autor), Reganold, John P (Autor)
Médium: Kniha
Jazyk:španělština
Vydáno: Upper Saddle River Benjamin Cummings 2010
Vydání:10a. ed
Témata:
Tagy: Přidat tag
Žádné tagy, Buďte první, kdo vytvoří štítek k tomuto záznamu!

MARC

LEADER 00000cam a2200000 a 4500
001 UCG7258
003 CL-VaPUC
008 110707e20100000us |||||||||||||||||spa|d
020 |a 9780132251389 
082 0 4 |a 333.72  |b CHI  |2 21 
100 0 |a Chiras, Daniel D  |e author  |9 557969 
700 0 |a Reganold, John P  |e author  |9 557970 
245 1 0 |a Natural resource conservation: management for a sustainable future 
250 |a 10a. ed 
300 |a 659 p 
942 |c BK 
945 |d 20110707 00:00:00  |a cmena 
260 |a Upper Saddle River  |b Benjamin Cummings  |c 2010 
650 0 |a Recursos naturales  |9 255232 
650 0 |a Conservación del medio ambiente  |9 340695 
650 0 |a Protección del medio ambiente  |9 257626 
650 0 |a Desarrollo sustentable  |9 333905 
651 0 |a Estados Unidos  |9 255178 
583 |a last modification  |c 20150302 11:04:39  |k Rodrigo Vera 
999 |c 345317  |d 345315 
952 |0 0  |1 0  |4 0  |6 333_720000000000000_CHI_2010  |7 0  |8 A  |9 443898  |a BIBAGR  |b BIBAGR  |d 2019-11-22  |i 4786920  |o 333.72 CHI 2010  |p 4786920  |r 2025-01-20  |w 2019-11-22  |y BK  |k AGR 
952 |0 0  |1 0  |4 0  |6 333_720000000000000_CHI_2010  |7 0  |8 A  |9 443899  |a BIBAGR  |b BIBAGR  |d 2019-11-22  |i 4786939  |o 333.72 CHI 2010  |p 4786939  |r 2025-01-20  |w 2019-11-22  |y BK  |k AGR 
952 |0 0  |1 0  |4 0  |6 333_720000000000000_CHI_2010  |7 0  |8 A  |9 443900  |a BIBAGR  |b BIBAGR  |d 2019-11-22  |i 4786947  |o 333.72 CHI 2010  |p 4786947  |r 2025-01-20  |w 2019-11-22  |y BK  |k AGR 
952 |0 0  |1 0  |4 0  |6 333_720000000000000_CHI_2010  |7 0  |8 A  |9 443901  |a BIBAGR  |b BIBAGR  |d 2019-11-22  |i 4786955  |o 333.72 CHI 2010  |p 4786955  |r 2025-01-20  |w 2019-11-22  |y BK  |k AGR 
952 |0 0  |1 0  |4 0  |6 333_720000000000000_CHI_2010  |7 0  |8 A  |9 443902  |a BIBAGR  |b BIBAGR  |d 2019-11-22  |i 4786963  |o 333.72 CHI 2010  |p 4786963  |r 2025-01-20  |w 2019-11-22  |y BK  |k AGR 
952 |0 0  |1 0  |3 erd  |4 0  |6 333_720000000000000_CHI_2010  |7 0  |8 A  |9 443903  |a BIBAGR  |b BIBAGR  |i 5133718  |o 333.72 CHI 2010  |p 5133718  |r 2025-01-20  |w 2019-11-22  |y BK  |z Catalogado en:20150109  |k AGR 
952 |0 0  |1 0  |3 erd  |4 0  |6 333_720000000000000_CHI_2010  |7 0  |8 A  |9 443904  |a BIBAGR  |b BIBAGR  |i 5136393  |o 333.72 CHI 2010  |p 5136393  |r 2025-01-20  |w 2019-11-22  |y BK  |z Catalogado en:20150123  |k AGR 
952 |0 0  |1 0  |3 erd  |4 0  |6 333_720000000000000_CHI_2010  |7 0  |8 A  |9 443905  |a BIBAGR  |b BIBAGR  |i 5136857  |o 333.72 CHI 2010  |p 5136857  |r 2025-01-20  |w 2019-11-22  |y BK  |z Catalogado en:20150305  |k AGR